| 000 | 00693nam a2200205 a 4500 | ||
|---|---|---|---|
| 001 | 000038404 | ||
| 005 | 20250401130908.0 | ||
| 008 | 100817s2002 sp a 000 0 spa d | ||
| 020 | _a8471148242 | ||
| 040 |
_aDO-SdBNP _bspa _cBNPHU |
||
| 082 |
_a303.44 _bI43s, 2002 |
||
| 245 | 0 | 0 |
_aInforme sobre desarrollo humano 2002 : _bprofundizar la democracia en un mundo fragmentado. |
| 260 |
_aMadrid, España : _bPNUD, _c2002. |
||
| 300 |
_a277 p. : _bil., gráf. ; _c28 cm. |
||
| 650 | 0 |
_aDemocracia _9286 |
|
| 650 | 4 |
_aDesarrollo humano _9213 |
|
| 650 | 4 |
_aDerechos social _964744 |
|
| 710 | 2 |
_aPrograma de las Naciones Unidas para el Desarrollo _9187 |
|
| 910 | _aValidado. Control de calidad MFF | ||
| 999 |
_c37894 _d37894 |
||